000 00299nam a2200109Ia 4500
008 200302s9999 xx 000 0 und d
100 _aGeorge E. Todd
245 _aElements of Color Photography The Making of Eighty Images
260 _bWatson-Guptill Publication
260 _c2003
300 _a138 P.,
999 _c1981
_d1981